Pays avec les plus petits litoraux - Statistiques

Statistiques générales
  • Ce quiz a été pris 37 fois
  • Le résultat moyen est 10 sur 20
Statistiques - réponses
Côtes (km) Pays % Correct
4 Monaco
74%
20 Bosnie-Herzégovine
71%
30 Nauru
68%
158 Sainte-Lucie
62%
135 Saint-Christophe-et-Niévès
59%
84 Saint-Vincent-et-les-Grenadines
59%
47 Slovénie
59%
66 Belgique
56%
24 Tuvalu
56%
80 Gambie
53%
121 Grenade
53%
37 République démocratique du Congo
53%
97 Barbade
50%
56 Togo
50%
153 Antigua-et-Barbuda
47%
148 Dominique
47%
121 Bénin
41%
99 Lituanie
38%
58 Irak
26%
26 Jordanie
26%
Aucun quiz correspondant
Distribution des résultats
% des personnes avec chaque résultat
Percentile par nombre de réponses
Votre historique - résultats
Vous n’avez pas pris ce quiz